000 02623nam a22003017a 4500
003 OSt
005 20260512112950.0
008 260512b |||||||| |||| 00| 0 aze d
020 _a9789952517132
040 _aAZ-XaKU
_baze
_cAZ-XaKU
041 0 _aaze
050 1 4 _aPN2859 .A9 .R1293 .T3408 2017
100 1 _emüəllif
_aRəhimli, İlham,
_bsənətşünaslıq doktoru, professor ;
_c1941 - ;
_dmüəllif
245 1 _aAzərbaycan teatr tarixi
_c/ İlham Rəhimli
264 _aBakı:
_bŞərq-Qərb,
300 _a496 səhifə ;
_bşəkilli ;
_c24.5 sm.
336 _atext
_btxt
_2rdacontent
337 _aunmediated
_bn
_2rdamedia
338 _avolume
_bnc
_2rdacarrier
504 _aBiblioqrafiya: səh. 482 - 493
505 0 _a I Bölmə. Milli "oyun" mədəniyyəti -- Meydan teatrı -- Şəbih tamaşaları -- "Kilimarası": Bəbək. İpdəoyuq. Kosagəlin -- II Bölmə. Peşəkar teatrın təşəkkülü və inkişaf mərhələləri -- Musiqili teatrların təşəkkülü -- Musiqili teatrın yaradıcıları -- Şəkillərdə əbədiləşən tarix
520 _aSənətşünaslıq doktoru, professor İlham Rəhimlinin "Azərbaycan teatr tarixi" fundamental tədqiqi əsəri 5 cilddən ibarətdir. Alimin bu əsərlərində Azərbaycan milli teatr tarixi min-min illər əvvəllərdən mövcud olan xalq oyun-tamaşalrından, meydan teatrından başlayaraq günümzə qədər olan dövrü əhatə edilib. Azərbaycan teatrşünalığında peşəkar səhnə sənətimizin bütün tarixi mərhələləri - təşəkkülü, inkişaf tarixi, əsas yaradıcılıq mərhələləri, bədii-estetik səciyyələri, poetikasının əsasları, janr üslub müxtəlifliyi ilk dəfə konseptual şəkildə, elmi-nəzəri prinsiplərlə, xronoloji ardıcıllıqla araşdırılıb. Birinci cilddə müxtəlif milli xalq oyun-tamaşalarının, meydan teatrının, şəbih teatrının, kilimarasının əsasları verilib. Milli peşəkar teatrımız 1873-cü il martın 10-da Bakıda təşəkkül tapıb. Bunun ardınca Tiflisdə, İrəvanda, Şuşada, Şamaxıda, Naxçıvanda, Şəkidə, Aşqabadda, Təbrizdə, eləcə də Azərbaycanın müxtəlif rayonlarnda teatrların yaranışı və təşəkkül yolu başlayıb. Bu cilddə müxtəlif məkanlarda teatr prosesinin dövlət təsisatına qədər olan dövrü tədqiq və təhlil olunub. Milli opera və operetta janrlarının yarnması və ilkin inkişaf dövrü də brinci cilddə verilib.
521 l _aÜmumi oxucu kütləsi
650 7 _2AZ-XaKU
_aTeatrşünaslıq
655 _aelmi-publisistik
942 _cBOOK
999 _c419
_d419